Chronickým problémom "višegrádskej štvorky" obchodná bilancia

Transformujúce sa ekonomiky strednej a východnej Európy v treťom štvrťroku 1996 podľa japonských odborníkov z Nomura Research Institute v Londýne. Kľúčové ekonomické ukazovatele jednotlivých ekonomík.

Guardado en:
Detalles Bibliográficos
Autor principal: Janoška, J.
Otros Autores: Pintér, M.
Formato: Capítulo de libro
Lenguaje:eslovaco
Materias:
Etiquetas: Agregar Etiqueta
Sin Etiquetas, Sea el primero en etiquetar este registro!

MARC

LEADER 00000naa a2200000 4500
001 r022162
005 20230801110021.2
041 0 |a slo 
044 |a SK 
245 1 0 |a Chronickým problémom "višegrádskej štvorky" obchodná bilancia  |c J. Janoška, M. Pintér 
520 |a Transformujúce sa ekonomiky strednej a východnej Európy v treťom štvrťroku 1996 podľa japonských odborníkov z Nomura Research Institute v Londýne. Kľúčové ekonomické ukazovatele jednotlivých ekonomík. 
610 2 0 |a Vyšehradská štvorka 
610 2 0 |a SVE 
610 2 0 |a Česko 
610 2 0 |a Maďarsko 
610 2 0 |a Poľsko 
610 2 0 |a Slovensko 
610 2 0 |a Slovinsko 
610 2 0 |a Rusko 
610 2 0 |a Ukrajina 
610 2 0 |a júl-september 
610 2 0 |a 1996 
610 2 0 |a Nomura Research Institute Europe London 
610 2 0 |a transformácia 
610 2 0 |a ukazovatele ekonomické 
100 1 |a Janoška, J. 
700 1 |a Pintér, M.